000 00610nam a2200193Ia 4500
003 GCL
008 140319s9999 xx 000 0 eng d
020 _a087935111X
040 _aGCL /
_cGCL
082 0 4 _a917.554252
_bO O
100 1 _aOLMERT, MICHAEL
245 1 0 _aOFFICIAL GUIDE TO COLONIAL WILLIAMBURG /
_cOLMERT, MICHAEL
700 1 _aTURNER, PETER C.
260 _aنيويورك :
_bTHE COLONIAL WILLIAMS BURG FOUNDER ،
_c1985
300 _a159 P
_bILL., MAPS ؛
_c25 cm.
650 0 4 _aWILLIAMSBURG ( VA ) - DESCRIPTION AND TRAVEL
650 0 4 _aWILLIAMSBURG ( VA ) - GUIDE BOOKS
942 _2ddc
_cBK
999 _c4572
_d4572